| 000 | 02763cam a2200277 i 4500 | ||
|---|---|---|---|
| 001 | 991107453485106196 | ||
| 005 | 20250310144331.0 | ||
| 008 | 240829s2024 nyu b 000 0 eng d | ||
| 020 |
_a9781945335198 _qpaperback |
||
| 035 | _a(OCoLC)1464701291 | ||
| 035 | _a(OCoLC)on1464701291 | ||
| 040 |
_aIG# _beng _erda _cIG# _dYDX |
||
| 050 | 4 |
_aHB501 _b.S64 2024 |
|
| 100 |
_aSpencer, Annie Xibos, _eauthor. _924845 |
||
| 245 | 1 | 0 |
_aHow to break an addiction _b: a method-in-a-manifesto for quitting capitalism _c/ Annie Xibos Spencer. |
| 264 | 1 |
_aBrooklyn, NY : _bCommon Notions, _c[2024] |
|
| 300 |
_axv, 253 pages ; _c23 cm |
||
| 504 | _aIncludes bibliographical references. | ||
| 505 | _aEveryday life in permanent crisis — Teaching economics at the end of the paradigm — Finding a fix — What of the “addict”? — Capital is a fiend — Tramps like us — Addiction as an accumulation strategy — Bodies in revolt. | ||
| 520 | _aWhat the opioid epidemic teaches us about the addiction at the root of our social lifeand how we free ourselves from it.How To Break An Addiction paints an original and dynamic portrait of the nature of the opioid crisis while offering original commentary on what the crisis portends about the present historical conjuncture. Interrogating long- and short-run, macro and micro, national and global, structural and personal factors, it takes the ongoing US opioid crisis as a jumping off point to illustrate the profound conclusion: capitalism at its core is an addiction.In a blend of memoir, historical record, original research, and theoretical and cultural analysis, critical geographer and harm reduction activist Annie Spencer argues against a dominant progressive presumption of the need to reform (or save) capitalism, demonstrating instead the imperative to think, organize, and enact new ways of being and provisioning together on a living Earth.How To Break An Addiction renders visible the extent to which the world we inhabit today is made by addictionin capitals imageand against life and well-being. Spencer calls for redress of the deepening crisis of addiction and the so-called epidemic of pain at its root; for a paradigm shift away from the dominant economic logic in favor of new kinds of ecosystemic social practice and provision. We must innovate a new way of being human together in the here and now. Spencers first-person narration anchors rigorous and far-reaching research and theory, making for an original and impactful tour through capitals addiction to crisis and our abilityand needto break from it. | ||
| 650 | 0 |
_aCapitalism _xSocial aspects. |
|
| 650 | 0 |
_aCapitalism _xPhilosophy. |
|
| 650 | 0 |
_aCompulsive behavior _911408 |
|
| 650 | 0 |
_aOpioid abuse _y21st century. |
|
| 942 | _2lcc | ||
| 999 |
_c4517 _d4517 |
||